000 00323nam a2200133Ia 4500
005 20251222144751.0
008 251222s9999||||xx |||||||||||||| ||spa||
020 _a84-334-5049-2
082 _a863.64/T15
100 _aPablo Ignacio Taibo I.
245 0 _aPara parar las Aguas del Olvido
264 _bJucar
942 _cLIB
999 _c19362
_d19362